000 00664 a2200253 4500
001 105089
020 _a9780060283247 (trade)
020 _a9780060283254 (lib. bdg.)
020 _a9780329722944 (Follett bdg.)
041 _apor
082 _aAP Year 2 [E]
092 _a2008005860
100 _aNumeroff, Laura Joffe.
250 _a1st ed.
300 _a[32] p.
697 _aCats - Fiction.
697 _aCats
856 _u000007/00000710.jpeg
040 _aBR-BrIDEA
_cBR-BrIDEA
090 _aAP Year 2 [E]
_bNUM
245 1 0 _aIf you give a cat a cupcake
_c Laura Joffe Numeroff
260 _a[s.l.]
_bLaura Geringer Books
_c2008
942 _cBK
999 _c105089
_d105089